000 00445 a2200133 4500
001 ART_34370
005 20260410162004.0
008 260409a
245 1 0 _aDeterminantes nacionales del comercio intraindustrial en Argentina
100 1 _aCalá, Carla Daniela
700 1 _aDe Cicco, Javier Alfredo
700 1 _aBerges, Miriam
773 0 _tRevista de economía y estadística
_g- Vol. XLIX, Nº 2 (dic. 2011)
_wREV34359
999 _c31592
_d31592